Statistics for The Country Quiz!!! (PART 1)

Click here to take the quiz!

General Stats

  • This quiz has been taken 14 times
  • The average score is 14 of 25

Answer Stats

QuestionAnswer% Correct
What are the 2 official languages that Kenya speaks?English and Swahili
100%
What country is commonly referred to as boot shape like when people try to remember what the country shape looks like?Italy
100%
Which country has the most stars in its flag?USA (The United States Of America)
100%
Which country flag has 50 stars that means its 50 states the country has and 13 stripes that means its 13 original colonies?USA (The United States of America
100%
Which country is modern day Roman Empire?Italy
86%
Which country is modern day Mongol Empire?Mongolia
86%
(TFFQ) (BONUS) What is the biggest US state?Alaska
79%
What are all the countries in the "BRICS" country group? (Also make sure that it is in the correct order or else it will be counted wrong because each letter stands for the first word of a country.)Brazil, Russia, India, China, and South Africa
71%
(TFFQ = The Final Five Questions) What are the 3 enclave countries? (Enclave Countries are countries that are completely surrounded by 1 singular country.)Lesotho, San Marino, and Vatican City
71%
Which country had an old ruler or leader called Mansa Musa?Mali
71%
Which country two countries have similar looking flags out of these options?Monaco and Indonesia
71%
(TFFQ) (True Or False) Is the capital of Eswatini Basseterre?False
64%
Which country hosted the first soccer world cup and won it?Uruguay
64%
Which country has the capital of South Tarawa?Kiribati
57%
How much stars our on the flag of Singapore? (Not including the crescent moon on the flag.)5
50%
(BONUS) What is the second biggest US State?Texas
50%
Which country has a capital named Lomé?Togo
50%
(TFFQ) (True Or False) Is Cape Verde/Cabo Verde the 166th largest country in the world?True
50%
What is Tajikistan's GDP per capita? (In US dollars and as of 2020.)$859
43%
Which country has the most time zones?France
36%
What is Montenegro's GDP? (In US dollars and as of 2021.)$5.86 billion
21%
(TFFQ) What is Taiwan's population as of 6/17/2023?23.59 million
7%
(THE FINAL QUESTION FOR NOW) (TFFQ) (EXTREME MODE) ( - = Negative) (+ = Positive) What is the exact coordinates of the Whitehouse for Longitude? (The Whitehouse is located in the US and is by the capital of the US)-77.036560
7%
What is the 176th largest country in the world?Singapore
7%
What is the official language of the country Sierra Leone?English
0%

Score Distribution

Percentile by Number Answered

Percent of People with Each Score

Your Score History

You have not taken this quiz